000 01086nam a22001817a 4500
005 20260313131056.0
008 260313b |||||||| |||| 00| 0 eng d
020 _a9780521459761
_qpbk
041 _aeng
082 _a155.8
_bAND
100 _aAndrade, Roy G. D'
245 _aThe Development of Cognitive Anthropology
_c/ Roy G. D'Andrade
260 _bCambridge Univ Pr
300 _a288p,;
_c20 cm.
504 _aindex
520 _aIn a historical account of the development of cognitive anthropology, Roy D'Andrade examines how cultural knowledge is organized within and between human minds. He begins by examining research carried out in the 1950s and 1960s concerned with how different cultures classify kinship relationships and the natural environment, and then traces the development of more complex cognitive theories of classification in anthropology that took place in the 1970s and 1980s. Finally, current work involving cultural models, emotion, motivation, and action is considered, along with a cognitive perspective on the nature of culture.
942 _cENGLISH
999 _c617706
_d617706